000 00479nam a22001937a 4500
003 koha_MIRAKIL
005 20231213100235.0
008 231213b |||||||| |||| 00| 0 ||| d
020 _b978-0-09-958772-9
040 _aTR-IsEVY
_btur
_cTR-IsEVY
082 _a428.64 MAR/T
100 _aMarion, Isaac.
245 4 _aThe new Hunger
260 _bVintage Books,
_c2013
300 _a165 s.
650 _aAmerican fiction.
650 _aAmerikan romanı.
942 _2ddc
_cBK
999 _c16818
_d16818